000 00274nam a2200121Ia 4500
008 190216s9999||||xx |||||||||||||| ||und||
100 _aNirmal Gupt
245 0 _aHindi-Ramachandra Shukal
260 _bNational Book Stall
300 _a116
650 _aHindi
942 _cBK
999 _c16322
_d16322